[Event "Cappelle op 31st"]
[Site "Cappelle la Grande"]
[Date "2015.03.03"]
[Round "5"]
[White "Vazquez Igarza, Renier"]
[Black "L'Ami, Erwin"]
[Result "1-0"]
[WhiteElo "2592"]
[BlackElo "2606"]
[Annotator "RR"]
[PlyCount "91"]
[EventDate "2015.02.28"]
[EventType "swiss"]
[EventRounds "9"]
[EventCountry "FRA"]
[SourceTitle "EXT 2016"]
[Source "ChessBase"]
[SourceDate "2015.10.08"]
[SourceVersion "1"]
[SourceVersionDate "2015.10.08"]
[SourceQuality "1"]

1. Nf3 Nf6 2. c4 e6 3. d4 b6 4. g3 Bb7 5. Bg2 Be7 6. O-O O-O 7. Re1 $5 {
Un ordre de coups assez rare} a5 $5 {Cette idée de Kortchnoi est devenue
assez populaire récemment} (7... Na6 8. Nc3 Ne4 9. Bd2 d5 10. cxd5 exd5 11.
Rc1 Re8 12. Bf4 c5 13. a3 Bf6 14. Be5 Bxe5 15. Nxe5 cxd4 16. Qxd4 Nac5 17. Rcd1
Nxc3 18. Qxc3 Qf6 19. Ng4 Qxc3 20. bxc3 Rad8 21. Ne3 Ne4 22. Rd3 Ba6 23. Bxe4
dxe4 24. Rxd8 Rxd8 25. c4 h5 26. Rc1 Rd2 27. Kf1 Ra2 28. Rc3 Ra1+ 29. Kg2 Ra2
30. Kf1 Ra1+ 31. Kg2 {1/2-1/2 (31) Leko,P (2723)-Wojtaszek,R (2744) Beijing
2014}) 8. Bg5 d6 9. Bxf6 $146 {La suite logique de Re1 pour garder le
contrôle de la case "e4"} (9. Qc2 c5 10. dxc5 bxc5 11. Bxf6 Bxf6 12. Ng5 Bxg5
13. Bxb7 Ra7 14. Bg2 Na6 15. Nc3 Qb6 16. Rad1 Rb8 17. b3 Rd7 18. e3 Rbd8 19.
Rd2 Nb4 20. Qc1 Nc6 21. Red1 f5 22. h4 Bf6 23. h5 g6 24. hxg6 hxg6 25. Nb5 Na7
26. a4 Kg7 27. e4 Nxb5 28. axb5 Ra7 29. exf5 exf5 30. Re2 a4 31. bxa4 Rxa4 32.
Qf4 Be5 33. Qg5 Rf8 34. Rxe5 dxe5 35. Bc6 Qb8 36. Rd7+ Rf7 37. Rd8 Qc7 38. Qh4
Rf8 {Jankovic,A (2534)-Palac,M (2581) Opatija 2015 1-0}) 9... Bxf6 10. Nc3 g6
$1 {Anticipe la poussée e4e5} 11. Qc2 {Les Blancs préfèrent terminer le
développement avant de gagner de l'espace au centre} (11. e4) 11... Bg7 12.
Rad1 Nd7 13. e4 $14 Qe7 14. Qd2 $1 Rfd8 15. Qf4 Nf8 $6 {Un coup passif} 16. h4
(16. e5 $5 {[%csl Rg7][%cal Gc3e4,Ge4f6]}) 16... h6 17. e5 Bxf3 18. exd6 $1 (
18. Bxf3 $143 dxe5 19. dxe5 Rxd1 20. Rxd1 Rd8 $132) 18... cxd6 19. Qxf3 Rac8
20. b3 Qc7 21. Nb5 Qd7 22. a4 $16 {Les Blancs ont un bon avantage d'espace et
des pièces plus actives} h5 23. Qe3 Rb8 24. Bh3 $1 Qe7 (24... Qb7 {Un moindre
mal}) 25. d5 e5 26. Nd4 $1 f5 27. Nc6 Qc7 28. Rb1 $1 {Les R Noires sont mal
placées et prendre la qualité n'est pas urgent} Re8 29. b4 axb4 30. Rxb4 Kh7
(30... Rb7 31. Reb1 $40) 31. a5 $1 Nd7 (31... bxa5 32. Rxb8 Rxb8 33. Nxb8 Qxb8
34. c5 $36 {[%csl Gd5]}) 32. Nxb8 bxa5 $2 33. Na6 $18 Qc8 34. Rb6 Nxb6 35. Qxb6
Qxc4 36. Qc6 Rc8 37. Qxd6 e4 38. Bf1 Qd4 39. Be2 Rc2 40. Kf1 a4 41. Nc7 e3 42.
Ne6 Qa7 43. Bxh5 Rxf2+ 44. Kg1 Bf6 45. Nf8+ Kg7 46. Nd7 1-0

[Event "Monarch Assurance 08th"]
[Site "Port Erin"]
[Date "1999.11.13"]
[Round "8"]
[White "Daly, Colm"]
[Black "Tiviakov, Sergei"]
[Result "0-1"]
[WhiteElo "2378"]
[BlackElo "2611"]
[Annotator "Ribli,Z"]
[PlyCount "122"]
[EventDate "1999.11.06"]
[EventType "swiss"]
[EventRounds "9"]
[EventCountry "IOM"]
[SourceTitle "CBM 074"]
[Source "ChessBase"]
[SourceDate "2000.02.01"]
[SourceVersion "1"]
[SourceVersionDate "2000.02.01"]
[SourceQuality "1"]

{[%mdl 4100]} 1. Nf3 Nf6 2. c4 b6 3. g3 Bb7 4. Bg2 e6 5. O-O Be7 {Es ist
interessant, dass Schwarz - mit 300 Elo-Punkten mehr - eine ruhige Variante
spielt, und keine Angst vor Remis hat.} 6. b3 O-O 7. Bb2 d5 (7... c5) 8. cxd5
Nxd5 9. Nc3 Nd7 (9... Bf6 $11) 10. Rc1 c5 11. d4 Rc8 12. Nxd5 Bxd5 {Schwarz
hat keine Eröffnungsproblemen, aber die Remisgefahr ist gross, da die Bauern
im Zentrum getauscht werden und wir bekommen eine symmetrische Stellung.} 13.
Qd3 (13. Qd2 cxd4 (13... Bf6 14. Rfd1 cxd4 15. Bxd4 Qe7 16. Bxf6 Qxf6 17. Ne5 {
1/2-1/2 Ianov,V-Oral,T/Presov 1997/EXT 98 (17)}) 14. Rxc8 $6 (14. Qxd4 $11)
14... Qxc8 15. Qxd4 Nf6 16. Rc1 $6 (16. Qe5 $1 $11) 16... Qa6 $1 $15 17. e3
Qxa2 18. Nd2 Bc5 19. Qe5 Bd6 20. Qd4 Ba3 21. Bxa3 Qxa3 22. Rc7 Bxg2 23. Kxg2 h6
24. Nc4 Qxb3 25. Rxa7 Qc2 $1 $17 {0-1 Speelman,J-Karpov,A/Thessaloniki (ol)
1988/Inf 46/[Zaitsev,I] (35)}) (13. dxc5 Nxc5 14. Ne1 Bxg2 15. Nxg2 Qxd1 16.
Rfxd1 Rfd8 17. Ne3 Rxd1+ 18. Rxd1 Rd8 19. Rxd8+ Bxd8 {1/2-1/2 Shvedchikov,
A-Gipslis,A/Moscow 1992/CBM 33 (19)}) 13... cxd4 14. Qxd4 $6 {Dieser Zug ist 
(noch) nicht schlecht, aber er gibt dem Gegner einfaches Spiel. Die
Alternativen sind sicherer.} (14. Rxc8 Qxc8 15. Nxd4 Nc5 16. Nf5 $5 exf5 17.
Qxd5 Rd8 18. Qc4 {1/2-1/2 Speelman,J-Ribli,Z/London 1984/MCL (18)}) (14. Bxd4
Nc5 15. Qe3 Qd7 16. Ne5 Qb7 17. Bxd5 Qxd5 18. Rcd1 (18. Nf3 Rfd8 19. Rc4 f6 20.
Rfc1 Qd7 21. Kg2 e5 22. Bb2 Ne6 {1/2-1/2 Seirawan,Y-Stean,M/Wien 1980/MCL (22)}
) 18... Qb7 19. b4 Na6 20. b5 Nb8 21. Ng4 Bc5 22. Qg5 Bxd4 23. Rxd4 f6 24. Qd2
a6 25. bxa6 Nxa6 26. Rd7 Rc7 27. Rd8 Nc5 {1/2-1/2 Vogt,L-Stangl,M/Wildbad 1990/
CBM 20 ext (34)}) 14... Bf6 $11 {[%cal Rf6b2]} 15. Qd2 Nc5 {[%csl Gd5,Ye4,Gf6]
Schwarz hat eine bequeme Stellung,und mindestens gleiche Chancen - sein
Springer kontrolliert das e4-Feld und seine Läufer stehen aktiv.} 16. Bxf6 Qxf6
17. Qd4 Qe7 {[%cal Ge7b7,Gb7g2] Schwarz möchte die Damen auf dem Brett halten.
Die Dame strebt nach b7, von wo sie die grosse Diagonale kontrollieren kann.} (
17... Qxd4 18. Nxd4 Rfd8 19. Rfd1 $11) 18. Qe3 Qb7 19. Rfd1 a5 $5 {[%csl Gc5]
Schwarz sichert die Springerstellung auf c5 und verhindert die eventuelle
Möglichkeit b3-b4.} 20. Ne1 Ne4 (20... Rfd8 $11) (20... Bxg2 21. Nxg2 Rfd8 $11)
21. Bxe4 $6 {Dieser Zug ist nicht logisch - der schwarze Läufer wird
wertvoller als der weisse Springer.} (21. Rxc8 Rxc8 22. Rc1 $11) (21. Nd3 {
[%cal Gd3f4] Dieser Zug erscheint auf den ersten Blick sonderbar, aber für
Ausgleich ist er gut genug.} Nc3 22. Bxd5 exd5 23. Rd2 Rfe8 $11) 21... Bxe4 $15
{[%cal Ge4h1,Ge4c6]} 22. f3 Rxc1 (22... Bd5 $15) 23. Rxc1 Bc6 24. Nd3 (24. Qc3
Rc8 $15) 24... Rd8 25. Nf4 Re8 {[%cal Ge6e5,Ge5e4] Schwarz bereitet den Zug
e6-e5 vor.} 26. Qe5 (26. Nd3 f6 $15 (26... e5 $6 {Es ist zu früh für diese
Fortsetzung.} 27. Nxe5 f6 28. Qc3 (28. Rxc6 $2 Qxc6 $17 {[%cal Ge8e3]}) 28...
Rxe5 29. Qxc6 Qxc6 30. Rxc6 Rxe2 31. a4 $5 (31. Rxb6 Rxa2 $11) 31... Re3 32.
Rxb6 Rxf3 $14)) 26... Qd7 {[%cal Gd7d1]} 27. Qc3 Ba8 28. Nd3 (28. Qc7 Qd4+ 29.
Kg2 e5 $15) 28... f6 29. Nf2 (29. Qc7 Qd4+ $15) 29... e5 30. Rd1 (30. Qc7 Qd2
$15) 30... Qc6 31. Qe3 $6 {Ich glaube, es wäre besser für Weiss die Stellung
zu vereinfachen und die Damen zu tauschen.} (31. Qxc6 Bxc6 32. Rc1 $5 $11 (32.
Rd6 Rc8 $15 {[%cal Gg8f8,Gf8e7]})) 31... f5 $36 32. Qg5 e4 $1 33. Qxf5 (33.
fxe4 fxe4 $15 {[%cal Ga8h1]}) 33... exf3 34. e4 {Weiss nimmt nicht auf f3, er
möchte die Diagonale geschlossen halten.} (34. exf3 Rf8 (34... Qxf3 35. Qxf3
Bxf3 36. Rc1 Re2 $15) 35. Qe4 Qc8 $15 {[%csl Rf3][%cal Ra8f3,Rf8f3]}) 34... Rf8
35. Qe5 h6 {Ein Luftloch ist nützlich.} 36. h4 Re8 37. Qf5 (37. Qd5+ Qxd5 38.
exd5 Kf7 $15 {Der d5P ist eher schwach als stark.} (38... Bxd5 $2 39. Rxd5 Re1+
40. Kh2 Re2 $11)) 37... Qc3 {[%csl Gc3] Die schwarze Dame ist wirksam -
Schwarz hat das bessere Figurenspiel.} 38. Kh2 Qe3 {[%csl Ga8,Ge3,Re4,Ge8,Rf2]}
39. Rf1 Qe2 $1 {[%csl Ra2][%cal Ge2h2,Re2f1,Re2a2]} (39... Bxe4 $6 40. Nxe4
Qxe4 41. Rxf3 (41. Qxe4 Rxe4 42. Rxf3 Re2+ 43. Kh3 Rxa2 $17) 41... Qxf5 42.
Rxf5 Re2+ 43. Kh3 Rxa2 44. Rb5 Rb2 45. Rxb6 a4 46. b4 $11) 40. Kg1 Bxe4 $17 {
Schwarz hat nicht nur einen Bauern mehr, sondern dank seines f3P eine ewige
Angriffstellung.} 41. Qd7 (41. Nxe4 $4 Qg2#) 41... Bg6 42. Qd6 {[%cal Rd6b6]}
Re6 43. Qd5 {[%cal Gd5g8]} Bf7 44. Qd8+ Kh7 45. Qc7 Rf6 {[%csl Gf6] Dank
seinem gutem f6R ist alles in der schwarze Stellung verteidigt.} 46. Ra1 Qb2 {
[%csl Ra1,Ra2,Gb2]} 47. Qc1 (47. Re1 Qxa2 $19) 47... Qe5 {[%cal Re5g3,Rg3g1]}
48. Kh2 Rg6 {[%csl Rg3][%cal Re5g3,Rg6g3]} 49. Qg1 Qb2 {[%csl Gb2][%cal Gb2h2,
Rg6e6,Re6e2]} 50. h5 Re6 51. g4 Re2 {Das Eindringen des Turmes ist tödlich für
Weiss.} 52. Rf1 Qxa2 $19 {Schwarz hat klare zwei Bauern mehr und Weiss hat
kein Gegenspiel.} 53. Qg3 Qxb3 54. Qf4 Qd5 {[%csl Gd5]} 55. Kg3 Qe5 {Am
Einfachsten. Schwarz tauscht die Damen und mit zwei verbundenen Freibauern am
Damenflügel steht er auf Gewinn.} 56. Qxe5 Rxe5 {[%csl Ga5,Gb6]} 57. Kxf3 a4 {
[%csl Ga4,Gb6]} 58. Kf4 Ra5 59. Rc1 a3 60. Nd3 a2 61. Ra1 Rd5 {Und Weiss gab
auf - endlich - in völlig hoffnungsloser Stellung.} (61... Rb5 $19 {[%csl Ga2]
[%cal Rb5b1,Rb1a1]}) (61... Rd5 62. Nc1 (62. Nb4 Rd4+ $19 {[%cal Rd4b4,Rd4f4]})
62... Rd2 $19) 0-1

[Event "Munich"]
[Site "Munich"]
[Date "1990.??.??"]
[Round "?"]
[White "Jussupow, Artur"]
[Black "Beliavsky, Alexander G"]
[Result "0-1"]
[WhiteElo "2615"]
[BlackElo "2640"]
[Annotator "Schussler,H"]
[PlyCount "80"]
[EventDate "1990.04.??"]
[EventType "tourn"]
[EventRounds "11"]
[EventCountry "GER"]
[EventCategory "13"]
[SourceTitle "CBM 018"]
[Source "ChessBase"]
[SourceDate "1990.10.01"]
[SourceVersion "1"]
[SourceVersionDate "1990.10.01"]
[SourceQuality "1"]

1. d4 Nf6 2. c4 e6 3. Nf3 b6 4. g3 Bb7 5. Bg2 Be7 6. O-O O-O 7. d5 exd5 8. Nh4
c6 9. cxd5 Nxd5 10. Nf5 Nc7 11. Nc3 d5 12. e4 Nba6 ({After the more popular} 
12... Bf6 {Black can meet} 13. Bf4 {by} Bc8 {as for instance in the second
match game Kasparov-Karpov 1984/85.}) 13. Bf4 $5 {Jussupow tries to profit
from Black`s slightly unusual move-order.} Bf6 14. Nd6 Bc8 15. exd5 Bxc3 16.
bxc3 Nxd5 17. Bxd5 cxd5 18. Qxd5 Be6 $15 19. Qh5 Qd7 20. Rfe1 Nc5 21. Re3 Rad8
22. Rae1 Qa4 23. a3 Rd7 24. Nf5 Bxf5 25. Qxf5 Ne6 26. Be5 Rfd8 27. Rf3 Qxa3 28.
h4 Qe7 29. Kg2 Rd5 30. Qg4 Qb7 31. Kh2 Rd1 32. Re4 h5 33. Qf5 Rf1 34. Bd4 Rd5
35. Re5 Rxe5 36. Bxe5 Re1 37. Kg2 Rd1 38. Kh2 Rd5 39. Kg2 g5 40. c4 Rc5 (40...
Rc5 41. hxg5 Nd4 $1 $19) 0-1

[Event "Haninge"]
[Site "Haninge"]
[Date "1990.??.??"]
[Round "9"]
[White "Ehlvest, Jaan"]
[Black "Wojtkiewicz, Aleksander"]
[Result "1-0"]
[WhiteElo "2620"]
[BlackElo "2550"]
[Annotator "Schussler,H"]
[PlyCount "105"]
[EventDate "1990.05.??"]
[EventType "tourn"]
[EventRounds "11"]
[EventCountry "SWE"]
[EventCategory "14"]
[SourceTitle "CBM 018"]
[Source "ChessBase"]
[SourceDate "1990.10.01"]
[SourceVersion "1"]
[SourceVersionDate "1990.10.01"]
[SourceQuality "1"]

1. d4 Nf6 2. Nf3 e6 3. c4 b6 4. g3 Bb7 5. Bg2 Be7 6. O-O O-O 7. Re1 d5 8. cxd5
exd5 9. Nc3 Na6 10. Bf4 (10. Bg5 c5 11. Rc1 h6 12. Bxf6 Bxf6 13. e3 Qe7 14.
dxc5 Nxc5 15. Nd4 $14 {This position is only very slightly better for White.
Speelman-Jansa, Malta  (ol) 1980.}) 10... Qc8 11. Rc1 Rd8 12. Ne5 c5 13. dxc5
bxc5 14. e4 Nxe4 15. Nxe4 dxe4 16. Qb3 Bd5 17. Qe3 f6 18. Nc4 f5 19. f3 Bf6 20.
Be5 Bxe5 21. Nxe5 Re8 22. Qf4 exf3 23. Bxf3 Bxf3 24. Nxf3 Qb7 25. Qxf5 Rf8 26.
Qe6+ Kh8 27. Ne5 Rf6 28. Qd7 Qxd7 29. Nxd7 Rc6 30. a3 Rc7 31. Ne5 h6 32. Nc4
Rd8 33. Re4 Nb8 34. Rce1 Nc6 35. Re8+ Rxe8 36. Rxe8+ Kh7 37. Kf2 Nd4 38. Re5
Nb3 39. Rd5 Re7 40. Ne5 Rb7 41. Ke3 a5 42. h4 a4 43. h5 Rb8 44. Kd3 Na5 45. g4
Rxb2 46. Rd8 g5 47. hxg6+ Kg7 48. Rd7+ Kg8 49. g5 h5 50. Rd8+ Kg7 51. Rd7+ Kg8
52. Re7 Rb6 53. g7 1-0

[Event "Yalta op"]
[Site "Yalta"]
[Date "1995.??.??"]
[Round "6"]
[White "Shipov, Sergei"]
[Black "Fedorchuk, Sergey A"]
[Result "1-0"]
[WhiteElo "2510"]
[BlackElo "2365"]
[Annotator "Shipov,S"]
[PlyCount "77"]
[EventDate "1995.??.??"]
[EventType "swiss"]
[EventRounds "9"]
[EventCountry "UKR"]
[SourceTitle "CBM 047 Extra"]
[Source "ChessBase"]
[SourceDate "1995.09.01"]
[SourceVersion "1"]
[SourceVersionDate "1995.09.01"]
[SourceQuality "1"]

1. d4 Nf6 2. c4 e6 3. Nf3 b6 4. g3 Bb7 5. Bg2 Be7 6. Nc3 O-O (6... Ne4 $5) 7.
d5 $1 exd5 (7... Bb4 8. Bd2 (8. O-O $1 Na6 (8... Bxc3 9. bxc3 exd5 $5 10. Nh4
Ne4 11. cxd5 Nxc3 12. Qd3 $44) 9. Nh4 Nc5 (9... c6 10. d6 $1 Qb8 11. Bf4 Nh5
12. Be5 f6 13. a3 $1 Bc5 14. e3 $1 g6 15. g4 Ng7 16. Bg3 $16 {Romanishin,
O-Rodriquez,Am/Luzern/1993/}) (9... Bxc3 $5 10. bxc3 Nc5 $132) 10. Na4 $1 exd5
(10... Nxa4 11. Qxa4 Bc5 12. b4 $16) 11. a3 b5 12. axb4 Nxa4 13. cxd5 Re8 14.
Qd3 Nb6 15. e4 d6 16. Nf5 $16 {Romanishin,O-Tiviakov,S/Belgrade/1993/}) 8...
Bxc3 (8... c6 9. dxe6 dxe6 10. O-O Nbd7 11. Qc2 Qe7 12. Rad1 Rad8 13. Bf4 e5
14. Bc1 Rfe8 15. a3 Bxc3 16. Qxc3 $14 {Gulko,B-Balashov,Y/Leningrad/1977/}) 9.
Bxc3 exd5 10. Nh4 Ne4 11. cxd5 Nxc3 12. bxc3 d6 13. O-O Nd7 14. e4 Nc5 15. Qd4
Ba6 16. Rfe1 Qd7 17. f4 f6 $10 {Karpov,A-Ivanchuk,V/Linares/1993/}) 8. cxd5 (8.
e4) (8. Nxd5 $5 Nxd5 9. cxd5 Re8 (9... Bf6 $5 10. O-O g6) 10. O-O Bf6 11. Nd2
$1 d6 (11... g6 12. Ne4 Bg7 13. Bg5 $1) 12. Ne4 Be7 13. b3 f5 14. Nd2 Bf6 15.
Rb1 Ba6 16. Re1 Nd7 17. Nf3 Nc5 18. Bb2 $14 {Goldin,A-Elbilia,J/FRA/1993/})
8... Re8 (8... Bb4 9. Nh4 c6 $5) 9. O-O Bb4 10. Nh4 Na6 11. a3 (11. Bd2 $5 Nc5
12. Rc1 $1 (12. Nb5 $2 Bxd2 13. Qxd2 Bxd5 $1 14. Bxd5 Nxd5 15. Qxd5 c6 $15) (
12. a3 Bxc3 13. Bxc3 Nce4 $10) 12... a5 (12... Bxc3 13. Bxc3 Nce4 14. Bxf6 $1
$16) 13. a3 $14) 11... Bxc3 12. bxc3 Nc5 (12... Qe7 13. d6 $1) 13. c4 (13. Re1
Nfe4 $1 14. Bb2 (14. c4 $2 Nxf2 $17) 14... Qf6 (14... Nd6 $5) 15. f3 g5 $1 $13)
13... Qe7 (13... Nfe4 $1) 14. Re1 Nce4 15. Qd3 (15. Bb2 Nxf2 $1 16. Kxf2 $2 (
16. Qd4 $17) 16... Qe3+ 17. Kf1 Ng4 18. Qd4 Nxh2#) (15. Qc2 $5) (15. Qd4 $5)
15... b5 $2 (15... Qe5 16. Bf4 (16. Rb1 Qc3 17. Bb2 Qxd3 18. exd3 Nc5 $10)
16... Qc3 17. Bxc7 Rac8 18. d6 Qa5 $1 $44) 16. cxb5 Bxd5 17. Bb2 c6 18. Rac1
$14 Rab8 (18... cxb5 19. Bxf6 $18) (18... a6 $5) 19. Nf5 Qe6 20. Nd4 Qe7 21. f3
$1 Nc5 $8 22. Qd2 Na4 (22... Rxb5 23. Nxb5 Nb3 24. Qg5 $1 $8 Nxc1 25. Rxc1 cxb5
26. Bxf6 $18) 23. Nf5 Qf8 (23... Qe6 24. Qg5 $18) 24. Bxf6 gxf6 25. Qd4 Nb6 26.
Qxf6 Re6 27. Qg5+ Kh8 28. e4 $18 Bc4 29. bxc6 dxc6 30. Red1 (30. Ne3 $32) 30...
c5 $1 31. Qd2 (31. Ne3 Bb3 $1 {/\c4/}) 31... f6 32. Qc3 Rc6 33. f4 Be2 34. Rd2
Na4 $1 35. Qa5 Ra6 36. Qc7 Bb5 $2 (36... Rc8 $16) 37. Rcd1 Rc6 (37... Re8 38.
Rd7 Bxd7 39. Rxd7 Rd8 40. Rxh7+ Kg8 41. Nh6+ Qxh6 42. Qf7#) 38. Qxb8 Rc8 (38...
Qxb8 39. Rd8+) 39. Qxc8 $1 1-0

[Event "Hoogovens"]
[Site "Wijk aan Zee"]
[Date "1998.01.22"]
[Round "6"]
[White "Van der Sterren, Paul"]
[Black "Salov, Valery"]
[Result "1-0"]
[WhiteElo "2550"]
[BlackElo "2680"]
[Annotator "Tisdall,J"]
[PlyCount "97"]
[EventDate "1998.01.16"]
[EventType "tourn"]
[EventRounds "13"]
[EventCountry "NED"]
[EventCategory "17"]
[SourceTitle "CBM 063"]
[Source "ChessBase"]
[SourceDate "1998.03.26"]
[SourceVersion "1"]
[SourceVersionDate "1998.03.26"]
[SourceQuality "1"]

1. d4 Nf6 2. c4 e6 3. Nf3 b6 4. g3 Bb7 5. Bg2 Be7 6. Nc3 Ne4 7. Bd2 f5 8. d5
O-O 9. Qc2 Nd6 (9... exd5 {is a solid alternative.} 10. Nxd5 Nc6 11. O-O a5 12.
Rad1 Bf6 13. Be3 Kh8 14. Nxf6 Rxf6 15. Ng5 Nb4 16. Qb1 Qe8 17. a3 Na6 18. Nxe4
Bxe4 19. Bxe4 fxe4 20. Rd4 Re6 21. Rfd1 d6 22. b4 axb4 23. axb4 Nxb4 24. Qxb4
c5 25. Qxb6 cxd4 26. Rxd4 d5 {1/2-1/2 Horvath,J-Atalik,S/Elekes mem 1991/EXP 23
}) 10. b3 Bf6 11. Rd1 Qe7 12. O-O Na6 13. Ne1 c6 14. dxe6 dxe6 15. e4 $5 {
Deviating from the sensible and successful continuation} (15. Nd3 c5 16. Bxb7
Qxb7 17. a3 Rad8 18. Bf4 Nf7 {though here black has no reason to be
dissatisfied with the outcome of the opening.} 19. Be3 Nb8 20. b4 cxb4 21. axb4
Nc6 22. Nf4 Qe7 23. b5 Nd4 24. Qa2 Be5 25. Nfd5 exd5 26. Bxd4 dxc4 27. Qxc4 Rc8
28. Qb3 Bxd4 29. Rxd4 Qc5 30. Rd3 Qc4 31. Qxc4 Rxc4 32. Nd5 Re8 33. Ra1 Nd6 34.
Ne3 Rxe3 35. Rxe3 Nxb5 36. Re5 Rb4 37. Rxf5 a5 38. Rc1 Nd6 39. Rd5 Nc4 40. Rd7
a4 41. Rcd1 a3 42. Ra7 h6 43. Rdd7 Na5 44. Rxg7+ Kf8 45. Rh7 Kg8 46. Rhd7 {
1-0 Karpov,A-Salov,V/Madrid 1992/CBM 30}) 15... Nb4 (15... Rad8 $5) 16. Qb1 c5
17. Bf4 Nf7 18. Nb5 e5 19. Bc1 Rad8 (19... Bxe4 20. Bxe4 fxe4 21. a3 Nc6 22.
Qxe4 Nd4 23. Nxd4 exd4 24. Qxe7 Bxe7 25. Nd3 $14) 20. Rxd8 Rxd8 21. a3 {
White prefers to have the black knight influencing d4 rather than d3 before
accepting the f5 pawn. This seems quite risky as the eventual passed d-pawn is
a big long-term asset for black.} (21. exf5 $5 Bxg2 22. Nxg2 e4 $5 $132) 21...
Nc6 22. exf5 Nd4 23. Nxd4 (23. Nc3 $5 $14 {[%csl Gd5,Ge4,Ge6] looks better,
trying to use the weakened white squares for outposts, and refusing to give
black a powerful passed pawn.}) 23... exd4 $44 {[%csl Gd4]} 24. Bxb7 Qxb7 25.
Bf4 Bg5 26. Qc1 h6 (26... Bxf4 27. Qxf4 Qa6 $5 {(Fritz 5) is an interesting
attempt to infiltrate to the sensitive c3 square. It looks rather strange,
particularly leaving the king somewhat abandoned, but it does sharpen the game
and produce real counterplay on the queenside.}) 27. h4 Bf6 28. Qc2 Be5 29. Nd3
Bxf4 30. Nxf4 Ne5 31. Nd5 d3 $6 (31... Rxd5 $5 32. Qe4 $1 {This is perhaps
what Salov was trying to avoid with the text move, but it is not so clear after
} (32. cxd5 Qxd5 {seems to guarantee at least enough for the exchange, for
example} 33. Rd1 (33. f4 Nf3+ 34. Kf2 Nh2 35. Qe2 Nxf1 36. Qe8+ $11) 33... d3
34. Qc3 Nf3+ $11) 32... Nxc4 33. bxc4 Rd7 34. Qe8+ Kh7 35. Qg6+ Kg8 36. f6 Rd8
{planning ...Qf7.} 37. fxg7 Qxg7 38. Qe6+ Kh8) 32. Qd1 $1 {This retreat
prevents the exchange sacrifice by adding protection to f3. Now black's
position is on the verge of caving in.} b5 {[%csl Yc4,Yd5]} 33. Re1 Rxd5 34.
cxd5 Qxd5 35. Rxe5 $1 {Simplest is best.} (35. Re3 c4 {gives black far too
many chances.}) 35... Qxe5 36. Qxd3 a6 37. h5 Qc7 {Black banks on a passed
c-pawn as his primary hope.} (37... Qa1+ 38. Kg2 Qxa3 39. f6 gxf6 40. Qg6+ {
and the passed h-pawn should win.}) 38. Qd5+ Kf8 (38... Kh7 39. f6 gxf6 40.
Qe4+ $1 Kh8 41. Qe8+ {and the kingside pawns fall.}) 39. Qa8+ Ke7 40. Qxa6 c4
41. Qe6+ Kf8 42. bxc4 bxc4 43. f6 $18 c3 44. fxg7+ Qxg7 45. Qc8+ Kf7 46. Qc4+
Kf8 47. Qc5+ Ke8 48. Kf1 Qf6 49. Ke2 1-0

[Event "RUS-ch"]
[Site "Elista"]
[Date "1996.??.??"]
[Round "9"]
[White "Namgilov, Sogto"]
[Black "Skvortsov, Alexandr L"]
[Result "1/2-1/2"]
[WhiteElo "2495"]
[BlackElo "2350"]
[Annotator "Tisdall,J"]
[PlyCount "88"]
[EventDate "1996.10.15"]
[EventType "swiss"]
[EventRounds "11"]
[EventCountry "RUS"]
[SourceTitle "CBM 056"]
[Source "ChessBase"]
[SourceDate "1997.02.01"]
[SourceVersion "1"]
[SourceVersionDate "1997.02.01"]
[SourceQuality "1"]

1. Nf3 Nf6 2. c4 c5 3. Nc3 e6 4. g3 b6 5. Bg2 Bb7 6. O-O Be7 7. Re1 d5 8. cxd5
exd5 9. d4 O-O 10. dxc5 bxc5 11. Qb3 (11. Nh4 Qd7 12. e4 Nxe4 13. Nxe4 dxe4 14.
Qxd7 Nxd7 15. Bxe4 Bxe4 16. Rxe4 Bf6 $1 {- Kan,I-Taimanov,M/URS-ch20 Moscow
1952 (24)}) 11... Qb6 12. Ne5 Rd8 13. Bg5 Na6 (13... Qxb3 14. axb3 Nbd7 15. Nd3
h6 16. Bxf6 Nxf6 17. Ra5 Ne4 18. Bxe4 dxe4 19. Nxc5 Bxc5 20. Rxc5 Rd2 $14 {
1-0 Filippov,V-Fominyh,A/Vladivostok Zaitsev 1995 (63)}) 14. Nc4 dxc4 15. Qxb6
axb6 16. Bxb7 Ra7 17. Bg2 Nc7 18. Red1 Rxd1+ 19. Rxd1 b5 20. a4 $5 (20. Bxf6 $5
Bxf6 21. Rd7 b4 22. Nd5 Nb5 23. Nxf6+ gxf6 24. Rxa7 Nxa7 25. Kf1 $5 (25. Bd5 $2
c3 26. bxc3 bxc3 27. Be4 Nc6 $17) (25. a4 $5 bxa3 26. bxa3 c3 27. Be4 Nc6 (
27... Nb5 28. a4 Nd4 29. a5) 28. e3 (28. Kf1 f5 $1)) 25... Nb5 26. Ke1) 20...
bxa4 21. Ra1 Ne6 22. Bf4 Nxf4 23. gxf4 Nd7 24. Rxa4 Rxa4 25. Nxa4 Bd8 $1 26.
Bd5 $6 (26. Bc6 Nb6 27. Nxc5 Bf6 28. b4 cxb3 (28... Bc3 29. b5 Bd4 30. Na6) (
28... c3 29. Be4) 29. Nxb3 $14) 26... Nb6 27. Nxb6 Bxb6 28. Bxc4 Bc7 29. e3 h6
30. h4 Bd8 31. h5 Bf6 32. b3 Bh4 33. Kf1 Kf8 34. e4 Bd8 35. Ke2 Bc7 36. Kf3 Ke7
37. Kg4 Ba5 38. Kf5 Bc3 39. e5 Bd4 40. f3 Be3 41. Ke4 Bc1 42. f5 f6 43. f4 Bd2
44. Bd3 Bc1 1/2-1/2